[Event "Antalya-ch"]
[Site "Antalya"]
[Date "2014.11.23"]
[Round "7"]
[White "Yelligedik, Murat"]
[Black "Kaplan, Hakan"]
[Result "1/2-1/2"]
[WhiteElo "1886"]
[BlackElo "2182"]
[PlyCount "125"]
[EventDate "2014.11.15"]
[EventType "swiss"]
[EventRounds "7"]
[EventCountry "TUR"]
[SourceTitle "EXT 2016"]
[Source "ChessBase"]
[SourceDate "2015.10.08"]
[SourceVersion "1"]
[SourceVersionDate "2015.10.08"]
[SourceQuality "1"]

1. e4 c6 2. d4 d6 3. Nf3 Qc7 4. a4 e5 5. Bc4 Be7 6. h3 Nf6 7. Nc3 Nbd7 8. 0-0 0-0 9. Re1 h6 10. dxe5 dxe5 11. Nh4 Re8 12. Qf3 Nf8 13. Ne2 Be6 14. Bd3 Ng6 15. Nxg6 fxg6 16. Nc3 Rf8 17. Qe2 Kh7 18. Bc4 Bc8 19. Kh2 Bc5 20. Be3 Bxe3 21. fxe3 Qe7 22. Rad1 Nh5 23. Rf1 Bd7 24. Rxf8 Rxf8 25. Rf1 Rxf1 26. Qxf1 Qh4 27. Qf3 g5 28. Qf7 Qg3+ 29. Kh1 Nf6 30. Be6 Bxe6 31. Qxe6 h5 32. Qf5+ Kh6 33. Qf3 Qe1+ 34. Kh2 g4 35. Qg3 Qd2 36. Qxe5 Qxe3 37. Qg3 Qxg3+ 38. Kxg3 gxh3 39. gxh3 g5 40. Kf3 Nd7 41. Nd1 Ne5+ 42. Ke3 Kg6 43. b3 c5 44. Nf2 Kf6 45. c3 b6 46. b4 Nc4+ 47. Kf3 Ke6 48. h4 Ne5+ 49. Ke3 gxh4 50. Kf4 cxb4 51. cxb4 h3 52. Nxh3 Nd3+ 53. Ke3 Nxb4 54. Nf4+ Ke5 55. Nxh5 Na6 56. Nf4 Nc5 57. Nd3+ Nxd3 58. Kxd3 a6 59. Ke3 b5 60. axb5 axb5 61. Kd3 b4 62. Kc4 Kxe4 63. Kxb4 1/2-1/2

[Event "Antalya-ch"]
[Site "Antalya"]
[Date "2014.11.15"]
[Round "2"]
[White "Kaplan, Hakan"]
[Black "Taner, Harun"]
[Result "1-0"]
[WhiteElo "2182"]
[BlackElo "1358"]
[PlyCount "93"]
[EventDate "2014.11.15"]
[EventType "swiss"]
[EventRounds "7"]
[EventCountry "TUR"]
[SourceTitle "EXT 2016"]
[Source "ChessBase"]
[SourceDate "2015.10.08"]
[SourceVersion "1"]
[SourceVersionDate "2015.10.08"]
[SourceQuality "1"]

1. a3 g6 2. d3 Bg7 3. Nd2 Nf6 4. c3 0-0 5. e4 d6 6. Be2 Ne8 7. h4 f5 8. h5 fxe4 9. dxe4 e5 10. hxg6 hxg6 11. Bc4+ Rf7 12. Qb3 Qf6 13. Bxf7+ Qxf7 14. Qxf7+ Kxf7 15. Ngf3 Nd7 16. Ng5+ Kg8 17. Ndf3 Ndf6 18. Nh4 Bh6 19. f3 Bxg5 20. Bxg5 Kg7 21. g3 Nh5 22. Kf2 Nef6 23. Ng2 Nh7 24. Bd8 c6 25. Bc7 Bd7 26. Bxd6 Re8 27. Rad1 N5f6 28. Ne3 Ng5 29. Nc4 Nf7 30. Bc5 b6 31. Be3 Re6 32. Rd3 Bc8 33. Rd2 Ba6 34. b3 Bxc4 35. bxc4 Nd6 36. c5 Nc4 37. Rd8 Nxe3 38. Kxe3 bxc5 39. Rb1 g5 40. Rb7+ Kg6 41. g4 Ne8 42. Rbd7 c4 43. a4 a6 44. Ke2 Kf6 45. Kd1 c5 46. Rc8 Ng7 47. Rf8+ 1-0

[Event "Regionalliga SO 1213"]
[Site "Bayern"]
[Date "2013.02.03"]
[Round "6.2"]
[White "Schmidt, Wolfgang"]
[Black "Kaplan, Hakan"]
[Result "1-0"]
[WhiteElo "2257"]
[BlackElo "2081"]
[PlyCount "37"]
[EventDate "2012.10.14"]
[EventType "team-tourn"]
[EventRounds "9"]
[EventCountry "GER"]
[SourceTitle "EXT 2015"]
[Source "ChessBase"]
[SourceDate "2014.11.20"]
[SourceVersion "1"]
[SourceVersionDate "2014.11.20"]
[SourceQuality "1"]
[WhiteTeam "Landshut"]
[BlackTeam "Ingolstadt II"]
[WhiteTeamCountry "GER"]
[BlackTeamCountry "GER"]

1. e4 c6 2. d4 d6 3. Nc3 Nd7 4. Nf3 e5 5. Bc4 h6 6. dxe5 dxe5 7. Bxf7+ Kxf7 8. Nxe5+ Ke6 9. Ng6 Rh7 10. e5 Qe8 11. Nf4+ Kf7 12. e6+ Kf6 13. Qd4+ Ne5 14. Nfd5+ cxd5 15. Nxd5+ Kf5 16. Qf4+ Kg6 17. Qe4+ Kh5 18. Qf5+ g5 19. Nf4+ 1-0

[Event "Landesliga Sued 1112"]
[Site "Bayern"]
[Date "2011.12.11"]
[Round "4.7"]
[White "Kaplan, Hakan"]
[Black "Erler, Herbert"]
[Result "1-0"]
[WhiteElo "2099"]
[BlackElo "2009"]
[PlyCount "43"]
[EventDate "2011.10.02"]
[EventType "team-tourn"]
[EventRounds "9"]
[EventCountry "GER"]
[SourceTitle "EXT 2013"]
[Source "ChessBase"]
[SourceDate "2012.11.22"]
[SourceVersion "1"]
[SourceVersionDate "2012.11.22"]
[SourceQuality "1"]
[WhiteTeam "Ingolstadt"]
[BlackTeam "Weilheim"]
[WhiteTeamCountry "GER"]
[BlackTeamCountry "GER"]

1. a3 g6 2. d3 Bg7 3. Nd2 d6 4. e4 Nf6 5. Be2 0-0 6. h4 h5 7. Ngf3 c5 8. Ng5 Nc6 9. c3 d5 10. Qc2 e5 11. Ndf3 d4 12. 0-0 Bd7 13. Nh2 b5 14. f4 exf4 15. Bxf4 Qe7 16. Rae1 Ne5 17. cxd4 cxd4 18. Nhf3 Rac8 19. Qb3 Nfg4 20. Nxe5 Bxe5 21. Bxg4 hxg4 22. Bxe5 1-0

[Event "Landesliga Sued 1112"]
[Site "Bayern"]
[Date "2011.10.02"]
[Round "1.6"]
[White "Urankar, Hans Peter"]
[Black "Kaplan, Hakan"]
[Result "0-1"]
[WhiteElo "2150"]
[BlackElo "2099"]
[PlyCount "78"]
[EventDate "2011.10.02"]
[EventType "team-tourn"]
[EventRounds "9"]
[EventCountry "GER"]
[SourceTitle "EXT 2013"]
[Source "ChessBase"]
[SourceDate "2012.11.22"]
[SourceVersion "1"]
[SourceVersionDate "2012.11.22"]
[SourceQuality "1"]
[WhiteTeam "Unterhaching"]
[BlackTeam "Ingolstadt"]
[WhiteTeamCountry "GER"]
[BlackTeamCountry "GER"]

1. d4 c6 2. Nf3 d6 3. c4 Nd7 4. Nc3 e5 5. g3 Be7 6. Bg2 h5 7. Qc2 h4 8. b3 hxg3 9. hxg3 Rxh1+ 10. Bxh1 Ngf6 11. Bb2 g6 12. Bg2 Ng4 13. Kf1 Qc7 14. Rd1 Ndf6 15. Bc1 Bf5 16. e4 Bd7 17. Ng5 Nh5 18. d5 Qb6 19. Na4 Qd8 20. Qd2 cxd5 21. exd5 Bxa4 22. bxa4 Qc7 23. Qe2 Ngf6 24. Be3 Rc8 25. c5 dxc5 26. d6 Bxd6 27. Qb5+ Ke7 28. Bxb7 Rb8 29. Qc4 Kf8 30. Bg2 Rb4 31. Qc3 Kg7 32. a3 Rxa4 33. Qb3 Ra6 34. Qc4 Rb6 35. Bd2 Qe7 36. Ba5 Rb2 37. Bd8 Qxd8 38. Qxf7+ Kh6 39. Ne6 Qe7 0-1

[Event "Landesliga Sued 0607"]
[Site "Bayern"]
[Date "2007.04.01"]
[Round "8.6"]
[White "Duer, Werner"]
[Black "Kaplan, Hakan"]
[Result "1/2-1/2"]
[WhiteElo "2199"]
[BlackElo "1994"]
[PlyCount "90"]
[EventDate "2006.10.15"]
[EventType "team-tourn"]
[EventRounds "9"]
[EventCountry "GER"]
[SourceTitle "EXT 2008"]
[Source "ChessBase"]
[SourceDate "2007.11.25"]
[SourceVersion "1"]
[SourceVersionDate "2007.11.25"]
[SourceQuality "1"]
[WhiteTeam "Pang/Rosenheim"]
[BlackTeam "Ingolstadt"]
[WhiteTeamCountry "GER"]
[BlackTeamCountry "GER"]

1. Nf3 d6 2. d4 c6 3. e4 Nd7 4. Bc4 e5 5. 0-0 h6 6. dxe5 dxe5 7. Bxf7+ Kxf7 8. Nxe5+ Ke6 9. Ng6 Rh7 10. Nf4+ Ke7 11. e5 Nxe5 12. Qe2 Nf6 13. Ng6+ Kf7 14. Nxf8 Rh8 15. Qxe5 Rxf8 16. Nc3 Qe7 17. Qxe7+ Kxe7 18. Be3 Re8 19. Rfe1 Kf7 20. f3 Bf5 21. Rac1 b6 22. g4 Be6 23. Bd4 Nd5 24. Ne4 Rad8 25. Be5 Kg8 26. Bd6 Rd7 27. c4 Nf6 28. Nxf6+ gxf6 29. Bf4 Kg7 30. b3 Bf7 31. Rxe8 Bxe8 32. c5 b5 33. Bd6 Bf7 34. Re1 a5 35. Kf2 Ra7 36. Re7 Ra6 37. Bf4 Kf8 38. Rb7 a4 39. Rb6 axb3 40. axb3 Ra2+ 41. Kg3 Bd5 42. Bd6+ Kg8 43. Rb8+ Kf7 44. Rb7+ Kg8 45. Rb8+ Kf7 1/2-1/2

[Event "Regionalliga SW 0405"]
[Site "Bayern"]
[Date "2005.01.30"]
[Round "6.5"]
[White "Kaplan, Hakan"]
[Black "Sann, Michael"]
[Result "0-1"]
[WhiteElo "2030"]
[BlackElo "2039"]
[PlyCount "86"]
[EventDate "2004.10.24"]
[EventType "team-tourn"]
[EventRounds "9"]
[EventCountry "GER"]
[SourceTitle "EXT 2007"]
[Source "ChessBase"]
[SourceDate "2006.11.23"]
[SourceVersion "1"]
[SourceVersionDate "2006.11.23"]
[SourceQuality "1"]
[WhiteTeam "Bayern Muenchen III"]
[BlackTeam "Unterhaching"]
[WhiteTeamCountry "GER"]
[BlackTeamCountry "GER"]

1. d3 d5 2. Nd2 Nf6 3. c3 c5 4. e4 Nc6 5. Be2 e6 6. Qc2 Bd6 7. Ngf3 0-0 8. 0-0 Qc7 9. h3 b6 10. Re1 Bb7 11. b3 Rac8 12. Bb2 Qb8 13. Bf1 Nd7 14. Rad1 Nde5 15. Qb1 Rcd8 16. d4 cxd4 17. cxd4 Nxf3+ 18. Nxf3 dxe4 19. Rxe4 Ne7 20. d5 Bxd5 21. Rxd5 exd5 22. Rh4 Ng6 23. Ng5 Bf4 24. Rxh7 d4 25. Bc4 Qd6 26. Rh5 Bxg5 27. Rxg5 d3 28. Qd1 d2 29. Bd5 Qxd5 30. Rxd5 Rxd5 31. Bc3 Re8 32. Bxd2 Red8 33. Qg4 Rxd2 34. Qa4 R8d7 35. a3 Re7 36. h4 Ree2 37. h5 Nf8 38. Qxa7 Rxf2 39. Qxb6 Rxg2+ 40. Kh1 Rh2+ 41. Kg1 Rdg2+ 42. Kf1 Ra2 43. Kg1 Rhb2 0-1

[Event "Oberliga Bayern 9899"]
[Site "Bayern"]
[Date "1999.02.07"]
[Round "5.7"]
[White "Kaplan, Hakan"]
[Black "Rohrbach, Frank"]
[Result "1-0"]
[WhiteElo "2085"]
[BlackElo "2085"]
[PlyCount "78"]
[EventDate "1998.10.11"]
[EventType "team-tourn"]
[EventRounds "9"]
[EventCountry "GER"]
[SourceTitle "EXT 2020"]
[Source "ChessBase"]
[SourceDate "2019.10.17"]
[SourceVersion "1"]
[SourceVersionDate "2019.10.17"]
[SourceQuality "1"]
[WhiteTeam "Ingolstadt"]
[BlackTeam "Erlangen TB"]
[WhiteTeamCountry "GER"]
[BlackTeamCountry "GER"]

1. a3 Nf6 2. d3 g6 3. Nf3 Bg7 4. Nbd2 0-0 5. e4 c5 6. c3 Nc6 7. Be2 Qc7 8. Nf1 d5 9. Ng3 Rd8 10. Qc2 b6 11. 0-0 Bb7 12. Bd2 c4 13. d4 dxe4 14. Ng5 Na5 15. N5xe4 Nxe4 16. Nxe4 Nb3 17. Rad1 Nxd2 18. Rxd2 Rd7 19. f4 e6 20. g3 Rad8 21. Rdd1 Bd5 22. Bf3 Qc6 23. Rde1 Rc7 24. Re2 b5 25. Ng5 a5 26. h4 b4 27. axb4 axb4 28. h5 Ra7 29. hxg6 hxg6 30. Bxd5 Qxd5 31. Re5 Bxe5 32. fxe5 Kg7 33. Qf2 Rh8 34. Qf6+ Kg8 35. Kf2 bxc3 36. bxc3 Ra2+ 37. Ke3 Rh5 38. Nxf7 Rf5 39. Nh6+ Kh7 1-0

[Event "Oberliga Bayern 9899"]
[Site "Bayern"]
[Date "1999.01.17"]
[Round "4.7"]
[White "Oechslein, Rainer"]
[Black "Kaplan, Hakan"]
[Result "1-0"]
[WhiteElo "2200"]
[BlackElo "2075"]
[PlyCount "111"]
[EventDate "1998.10.11"]
[EventType "team-tourn"]
[EventRounds "9"]
[EventCountry "GER"]
[SourceTitle "EXT 2020"]
[Source "ChessBase"]
[SourceDate "2019.10.17"]
[SourceVersion "1"]
[SourceVersionDate "2019.10.17"]
[SourceQuality "1"]
[WhiteTeam "Marktheidenfeld"]
[BlackTeam "Ingolstadt"]
[WhiteTeamCountry "GER"]
[BlackTeamCountry "GER"]

1. Nf3 c6 2. g3 Nf6 3. Bg2 d6 4. 0-0 Nbd7 5. d4 e5 6. c4 Qc7 7. b3 Be7 8. Ba3 Nf8 9. Nc3 Ng6 10. Rc1 0-0 11. Qd2 Bf5 12. b4 b6 13. Ne1 Rad8 14. d5 c5 15. bxc5 bxc5 16. e4 Bd7 17. Nc2 a6 18. Ne3 Rb8 19. Nf5 h6 20. f4 exf4 21. Nxe7+ Nxe7 22. e5 Ne8 23. gxf4 Ng6 24. Ne4 Rc8 25. Qe3 Bf5 26. Ng3 Nh4 27. Be4 Bh3 28. Rfe1 dxe5 29. fxe5 f5 30. d6 Nxd6 31. exd6 Qxd6 32. Bd5+ Kh8 33. Qe5 Qg6 34. Qf4 Qf6 35. Re6 Qg5 36. Qxg5 hxg5 37. Kf2 f4 38. Ne4 Bxe6 39. Bxe6 Rc7 40. Rg1 Re8 41. Bd5 Rb8 42. Rxg5 g6 43. Rg4 Rh7 44. Ng5 Rh5 45. Bc1 f3 46. Bf4 Rb2+ 47. Ke1 Re2+ 48. Kf1 Kg7 49. Bxf3 Rxa2 50. Bd5 Kf6 51. Ne4+ Kg7 52. Ng3 Rh7 53. Be5+ Kf8 54. Ne4 Rh5 55. Rf4+ Nf5 56. Ng3 1-0

[Event "Oberliga Bayern 9899"]
[Site "Bayern"]
[Date "1998.10.11"]
[Round "1.8"]
[White "Schuette, Manfred"]
[Black "Kaplan, Hakan"]
[Result "0-1"]
[WhiteElo "2210"]
[BlackElo "2075"]
[PlyCount "54"]
[EventDate "1998.10.11"]
[EventType "team-tourn"]
[EventRounds "9"]
[EventCountry "GER"]
[SourceTitle "EXT 2020"]
[Source "ChessBase"]
[SourceDate "2019.10.17"]
[SourceVersion "1"]
[SourceVersionDate "2019.10.17"]
[SourceQuality "1"]
[WhiteTeam "Muenchen FC Bayern"]
[BlackTeam "Ingolstadt"]
[WhiteTeamCountry "GER"]
[BlackTeamCountry "GER"]

1. c4 c6 2. Nf3 d6 3. d4 Nd7 4. Nc3 Ngf6 5. g3 e5 6. Bg2 Be7 7. e4 Qc7 8. 0-0 Nf8 9. h3 Ng6 10. Be3 0-0 11. Rc1 b6 12. b4 a5 13. bxa5 bxa5 14. Rb1 Ba6 15. Qa4 d5 16. Nd2 Bb4 17. Rfc1 c5 18. Bg5 Bxc3 19. Rxc3 cxd4 20. Rcc1 dxc4 21. Nxc4 Qd7 22. Qa3 Qe6 23. Nb6 Rab8 24. Nd5 Rxb1 25. Rxb1 Nxd5 26. exd5 Qf5 27. Qc1 Rc8 0-1

[Event "Landesliga Sued 9697"]
[Site "Bayern"]
[Date "1997.04.13"]
[Round "8"]
[White "Kaplan, Hakan"]
[Black "Reisinger, Markus"]
[Result "0-1"]
[WhiteElo "2065"]
[BlackElo "1935"]
[PlyCount "107"]
[EventDate "1996.10.13"]
[EventType "team-tourn"]
[EventRounds "9"]
[EventCountry "GER"]
[SourceTitle "EXT 2020"]
[Source "ChessBase"]
[SourceDate "2019.10.17"]
[SourceVersion "1"]
[SourceVersionDate "2019.10.17"]
[SourceQuality "1"]
[WhiteTeam "Ingolstadt"]
[BlackTeam "Groebenzell"]
[WhiteTeamCountry "GER"]
[BlackTeamCountry "GER"]

1. a3 g6 2. d3 Bg7 3. Nd2 e5 4. Ngf3 Ne7 5. e4 d5 6. c3 0-0 7. Be2 h6 8. Qc2 Be6 9. 0-0 Nd7 10. Re1 a5 11. b4 axb4 12. cxb4 c6 13. Nb3 Qc7 14. Bd2 Kh7 15. Rec1 Rfc8 16. a4 f5 17. exf5 Bxf5 18. Ra3 Qd6 19. h3 Rf8 20. Rf1 e4 21. Nfd4 exd3 22. Bxd3 Bxd3 23. Qxd3 Ne5 24. Qg3 Nf5 25. Nxf5 Rxf5 26. Ra2 Nc4 27. Qxd6 Nxd6 28. Be3 Ne4 29. a5 Bc3 30. Ra4 b5 31. axb6 Rxa4 32. b7 Rxb4 33. Na5 Rf7 34. Nxc6 Rbxb7 35. Nd8 Rbd7 36. Nxf7 Rxf7 37. f3 d4 38. Bc1 Ng3 39. Rd1 Ne2+ 40. Kf2 Nxc1 41. Rxc1 Re7 42. Rd1 Kg7 43. f4 Bb4 44. Kf3 Re3+ 45. Kf2 Bc5 46. Rc1 Rc3 47. Rd1 Kf6 48. g3 Ke6 49. h4 Kf5 50. Kg2 Kg4 51. Kh2 d3 52. h5 Rc2+ 53. Kh1 Kh3 54. hxg6 0-1

[Event "Landesliga Sued 9697"]
[Site "Bayern"]
[Date "1997.02.16"]
[Round "6"]
[White "Kaplan, Hakan"]
[Black "Schaefer, Matthias"]
[Result "1/2-1/2"]
[WhiteElo "2065"]
[BlackElo "1915"]
[PlyCount "108"]
[EventDate "1996.10.13"]
[EventType "team-tourn"]
[EventRounds "9"]
[EventCountry "GER"]
[SourceTitle "EXT 1999"]
[Source "ChessBase"]
[SourceDate "1998.11.16"]
[SourceVersion "1"]
[SourceVersionDate "1998.11.16"]
[SourceQuality "1"]
[WhiteTeam "Ingolstadt"]
[BlackTeam "Starnberg SC"]
[WhiteTeamCountry "GER"]
[BlackTeamCountry "GER"]

1. a3 d6 2. Nf3 g6 3. d3 Bg7 4. Nbd2 e5 5. e4 Nf6 6. Be2 0-0 7. c3 Nbd7 8. Nf1 d5 9. Ng3 b6 10. Bg5 Bb7 11. Qc2 Qe8 12. 0-0 dxe4 13. dxe4 Nc5 14. Nd2 Ne6 15. Be3 Nf4 16. f3 h5 17. Bc4 h4 18. Ne2 N6h5 19. Nxf4 exf4 20. Bf2 Qe7 21. Rfe1 Be5 22. Rad1 h3 23. gxh3 Qg5+ 24. Kf1 Qh6 25. Ke2 Rad8 26. Rg1 Nf6 27. Rxg6+ Qxg6 28. Rg1 Qxg1 29. Bxg1 Kg7 30. Bf2 Rg8 31. Ke1 Kf8 32. Bf1 Nd7 33. b4 Bf6 34. Nc4 Ne5 35. Nxe5 Bxe5 36. a4 Bc8 37. c4 Rh8 38. h4 Bf6 39. c5 Be6 40. Bc4 Bxh4 41. Bxh4 Rxh4 42. Bxe6 fxe6 43. cxb6 cxb6 44. Qc3 Kf7 45. Qc7+ Ke8 46. Qe5 Kf7 47. Qc7+ Ke8 48. Qg7 Rxh2 49. Qg8+ Ke7 50. Qg5+ Kd7 51. Qxf4 Rdh8 52. e5 Rg2 53. Kf1 Rhh2 54. Qf7+ Kd8 1/2-1/2

[Event "Landesliga Sued 9495"]
[Site "Bayern"]
[Date "1995.02.05"]
[Round "5.7"]
[White "Schulz, Juergen2222"]
[Black "Kaplan, Hakan"]
[Result "0-1"]
[WhiteElo "2038"]
[BlackElo "2035"]
[PlyCount "64"]
[EventDate "1994.10.09"]
[EventType "team-tourn"]
[EventRounds "9"]
[EventCountry "GER"]
[SourceTitle "EXT 1999"]
[Source "ChessBase"]
[SourceDate "1998.11.16"]
[SourceVersion "1"]
[SourceVersionDate "1998.11.16"]
[SourceQuality "1"]
[WhiteTeam "Muenchen FC Bayern III"]
[BlackTeam "Ingolstadt"]
[WhiteTeamCountry "GER"]
[BlackTeamCountry "GER"]

1. e4 Nc6 2. d4 e5 3. d5 Nce7 4. Bd3 Ng6 5. Ne2 Bc5 6. 0-0 Nf6 7. Ng3 0-0 8. Nf5 d6 9. c4 a6 10. Nc3 h6 11. g3 Kh7 12. Qf3 Bd7 13. Bd2 Rb8 14. a4 Ng8 15. Nd1 N6e7 16. b4 Ba7 17. Be3 Bxe3 18. Ndxe3 g6 19. Nxe7 Qxe7 20. g4 Kg7 21. Qg3 Rbe8 22. a5 Nf6 23. h3 Rh8 24. Kg2 Reg8 25. Kh2 Kf8 26. Kg2 Nh7 27. f4 exf4 28. Qxf4 Kg7 29. Rae1 Re8 30. e5 dxe5 31. Qg3 Qxb4 32. Nc2 Qd6 0-1